000 00737nam a2200253Ia 4500
003 OSt
005 20220918220613.0
006 a|||||r|||| 00| 0
007 ta
008 220917b |||||||| |||| 00| 0 eng d
024 _a146,506
037 _cTextual
040 _aARTS
_cARTS
_beng
041 _2eng
_aeng
082 _aY31, K8
100 _aKonig Rene
_9137881
245 0 _aCommunity tr from the German by Edward Fitzgerald
260 _aLondon
_bRoutled and Kegan Paul
_c1968
300 _av 218p,+15p.
_ccm.
490 _aInternational library of sociology and social reconstruction ed by W.J.H, Sprott.
650 _aSOCIOLOGY
942 _hY31, K8
_cTEXL
_2CC
999 _c269262
_d269262